| 000 | 01053cim a2200301 a 4500 | ||
|---|---|---|---|
| 001 | 15791438 | ||
| 005 | 20180202074408.0 | ||
| 007 | sd fsngnnmmneu | ||
| 008 | 090625s2008 nyunnn| e | eng d | ||
| 010 | _a 2009605287 | ||
| 020 | _a1427204950 | ||
| 020 | _a9781427204950 | ||
| 035 | _a(OCoLC)ocn257592406 | ||
| 040 |
_aHT# _cHT# _dWIQ _dDLC |
||
| 041 | _aeng | ||
| 042 | _alccopycat | ||
| 080 | _a101 | ||
| 100 | _a24 | ||
| 101 | _aFIL | ||
| 245 | 0 | 0 |
_aThis I believe II _cedited by Jay Allison and Dan Gediman with John Gregory and Viki Merrick in association with NPR. |
| 246 | 3 | _aThis I believe 2 | |
| 306 | _a050000 | ||
| 508 | _aProduced by Jay Allison and Dan Gediman with John Gregory and Viki Merrick. | ||
| 511 | 0 | _aEssays are read by the authors ; theme music for the radio program by George Brandl Eglof. | |
| 906 |
_a7 _bcbc _ccopycat _d2 _encip _f20 _gy-soundrec |
||
| 942 |
_2ddc _cBK |
||
| 999 |
_c41656 _d41656 |
||